Science Quiz

Random Science or Clickable Quiz

Computer Science Quiz Stats

 Plays Quiz not verified by Sporcle

Challenge
Share
Tweet
Embed
Score 0/13 Timer 02:00
0 Plays Today
% Correct
CPU
79.7%
machine instruction cycle
66.8%
ALU
63.1%
data bus
56.6%
cache memory
43.9%
RAM
42.8%
memory address register
41.7%
serial bus
40.8%
address bus
36.3%
CU
34.9%
primary memory
29.9%
memory data register
29.3%
ROM
18.9%

You're not logged in!

Compare scores with friends on all Sporcle quizzes.
OR
Log In

You Might Also Like...

Show Comments

Extras

Top Quizzes Today


Score Distribution

Your Account Isn't Verified!

In order to create a playlist on Sporcle, you need to verify the email address you used during registration. Go to your Sporcle Settings to finish the process.

Report this User

Report this user for behavior that violates our Community Guidelines.

Details: